| 000 | 01270nam a22003377a 4500 | ||
|---|---|---|---|
| 003 | CHAP | ||
| 005 | 20220329143403.0 | ||
| 008 | 090212s2008 mx a r 00010 spa d | ||
| 010 | _a95838 | ||
| 011 | _a96810 | ||
| 035 | _a107467 | ||
| 040 | _cCHAP | ||
| 090 | _aTesis | ||
| 100 | 1 |
_aO Nava, Jessica de la _982320 |
|
| 245 | 1 | 0 |
_aCambio de uso de tierra agrícola ante la urbanización : _bmunicipio de Texcoco, Estado de México _c/por Jessica de la O Nava |
| 260 |
_aChapingo, Méx. : _bEl autor, _c2008 |
||
| 300 |
_avii, 61 h. : _bilus., gráfs., tablas |
||
| 502 | _aTesis (Lic. en Economía Agrícola) -- UACH. División de Ciencias Económico Administrativas | ||
| 590 |
_aALEPH _b10 _c20130110 _lUCH01 _h1527 |
||
| 590 |
_aBATCH-UPD _b10 _c20130110 _lUCH01 _h0618 |
||
| 590 |
_aBATCH-UPD _b10 _c20130410 _lUCH01 _h0300 |
||
| 590 |
_aBATCH-UPD _b10 _c20130914 _lUCH01 _h1845 |
||
| 590 |
_aCONVERSION _b10 _c20130109 _lUCH01 _h1353 |
||
| 650 | 1 | 4 |
_aTierras _xTenencia _zMéxico (Edo.). _9113216 |
| 650 | 1 | 4 |
_aTierras _xUtilización. _9113219 |
| 650 | 1 | 4 |
_aUrbanismo _zMéxico (Edo.). _9116852 |
| 901 | _aBK | ||
| 942 | _cFOLL | ||
| 949 |
_aTesis _bBC _cTES _d33724002084363 _eTS2 _fc..2 _h48836 _i107467 _si |
||
| 949 |
_aTesis _bBC _cTES _d33724002084405 _eTS1 _h48835 _i107467 _sb |
||
| 999 |
_c95838 _d95838 |
||